A history of muslim rule n Kashmir: (Record no. 56260)

MARC details
000 -LEADER
fixed length control field 00748nam a22002177a 4500
005 - DATE AND TIME OF LATEST TRANSACTION
control field 20110905104240.0
010 ## - LCCN (DPL NO)
LC control number G-001395
020 ## - INTERNATIONAL STANDARD BOOK NUMBER
International Standard Book Number 9788183390033
Terms of availability 1495.00
035 ## - SYSTEM CONTROL NUMBER
System control number G-001395
037 ## - SOURCE OF ACQUISITION
Source of stock number/acquisition Gift
082 ## - DEWEY DECIMAL CLASSIFICATION NUMBER
Classification number 954.11
100 ## - MAIN ENTRY--PERSONAL NAME
Personal name Parmu, R.K.
245 ## - TITLE STATEMENT
Title A history of muslim rule n Kashmir:
Statement of responsibility, etc by R.K. Parmu
Remainder of title 1320-1819 /
260 ## - PUBLICATION, DISTRIBUTION, ETC. (IMPRINT)
Place of publication, distribution, etc Srinag ar
Name of publisher, distributor, etc Gulshan Books
Date of publication, distribution, etc 2009
270 ## - ADDRESS
Address Residency Road,
City Srinagar
Postal code 190001
300 ## - PHYSICAL DESCRIPTION
Extent xiv, 544p.
Dimensions 25cm (Hb)
500 ## - GENERAL NOTE
General note Includes index
942 ## - ADDED ENTRY ELEMENTS (KOHA)
Source of classification or shelving scheme Dewey Decimal Classification
Item type English Books
Classification part 954.11
Call number suffix PAR
Holdings
Withdrawn status Lost status Not for loan Collection code Home library Current library Date acquired Source of acquisition Cost, normal purchase price Full call number Barcode Copy number Cost, replacement price Koha item type
    Not For Loan Reference Janak Puri Janak Puri 05/09/2011 gift 1495.00 954.11 PAR G-001395 1 1495.00 English Books

© Delhi Public Library
Hit Counter
free hit counter